PRI MÉTE.

Bibliographic Details
Main Author: Ondrejov, Ľudo, 1901-1962 (Author)
Format: Article
Language:Slovak

MARC

LEADER 00000nab a2200000uu 4500
001 vtls011519915
003 SK-MaSNL
005 20260303215328.0
008 240322|1931 xo |||||||||||||||||slo|
015 |a SNBRB 
035 |a (urnnbn)urn:nbn:sk:snk:ar-0020o0 
035 |a (uuid)0a57e061-0064-4d4e-a315-9f6dfe37701c 
035 |a urn:nbn:sk:snk-abe8if 
040 |a SNKBUCL  |b slo  |c SNKBUCL  |e AACR2 
041 0 |a slo 
044 |a xo  |c SK 
100 1 |a Ondrejov, Ľudo,  |d 1901-1962  |4 aut  |9 56066 
245 1 0 |a PRI MÉTE.  |c Ľudo Ondrejov 
773 0 |t Slovenské pohľady  |g Roč. 47, č. 12 (1931), s. 782 
850 |a Slovenská národná knižnica 
852 |a Slovenská národná knižnica 
954 |a beletria pôvodná (slovenská)  |2 lita 
958 |a EUIPO 
958 |a OND 
958 |a article21 
999 |c 2221021  |d 2222951